华南华中各省会下辖县级行政区 County-level divisions of provincial capitals - Statistics

General Stats
  • This quiz has been taken 72 times
  • The average score is 42 of 61
Answer Stats
省会 县区 % Correct
广州市 白云区
98%
广州市 天河区
96%
广州市 花都区
92%
武汉市 武昌区
92%
广州市 番禺区
91%
长沙市 长沙县
91%
广州市 海珠区
89%
广州市 荔湾区
89%
广州市 南沙区
89%
广州市 越秀区
89%
广州市 增城区
89%
广州市 黄埔区
87%
武汉市 汉阳区
87%
广州市 从化区
85%
海口市 美兰区
85%
长沙市 浏阳市
85%
郑州市 二七区
85%
长沙市 岳麓区
83%
武汉市 东西湖区
83%
长沙市 雨花区
81%
武汉市 江汉区
81%
郑州市 新郑市
81%
长沙市 天心区
77%
武汉市 黄陂区
77%
长沙市 芙蓉区
74%
长沙市 望城区
74%
长沙市 宁乡市
72%
郑州市 管城回族区
72%
武汉市 蔡甸区
70%
武汉市 洪山区
70%
郑州市 金水区
70%
海口市 龙华区
68%
武汉市 江夏区
68%
郑州市 荥阳市
68%
南宁市 青秀区
66%
长沙市 开福区
64%
武汉市 江岸区
64%
武汉市 新洲区
64%
南宁市 西乡塘区
62%
武汉市 汉南区
62%
海口市 秀英区
60%
南宁市 江南区
60%
武汉市 硚口区
60%
武汉市 青山区
60%
郑州市 登封市
60%
南宁市 邕宁区
58%
郑州市 中牟县
58%
郑州市 中原区
58%
郑州市 新密市
55%
海口市 琼山区
53%
南宁市 武鸣区
53%
郑州市 惠济区
53%
南宁市 横州市
51%
郑州市 巩义市
49%
郑州市 上街区
47%
南宁市 宾阳县
45%
南宁市 兴宁区
45%
南宁市 良庆区
43%
南宁市 马山县
40%
南宁市 隆安县
34%
南宁市 上林县
34%
No matching quizzes found
Score Distribution
Percent of People with Each Score
Percentile by Number Answered
Your Score History
You have not taken this quiz